000 00273 a2200097 4500
082 _a624.15 GEO
245 _aGeotechnical Manual :materials and tests
250 _aRev.Ed.
260 _aIndiana :
_cDept of Transportation Indiana ,
_b2005
300 _a190p. :
_bill . ;
_c27 cm
650 _amaterial testing
999 _c1080
_d1080